000 00366pam a2200157a 44500
008 230515b1992 xxu||||| |||| 00| 0 eng d
020 _aNULL
041 _aENGLISH
082 _aN.D.
100 _aRich H. / Raker D.
245 _aInside Autocad Releast - 12
250 _a0
260 _aNULL
_bPrentice Hall of India
_c1992
300 _a1308
650 _aNULL
999 _c575372
_d575372